000
00225nam a22000857a 4500
008
160805b xxu||||| |||| 00| 0 eng d
100
_9
51
_a
Mohindroo K
245
_a
Empowering Science-IX
260
_a
New Delhi
_b
PPC Publication
_c
2011
999
_c
2703
_d
2703